| 000 | 00753 a2200193 4500 | ||
|---|---|---|---|
| 020 | _a007143786X | ||
| 040 |
_aDLC _bDLC |
||
| 082 | 0 | 0 | _a621.395 |
| 100 | 1 | _aYeo, Kiat Seng, | |
| 245 | 1 | 0 |
_aLow voltage, low power VLSI subsystems _cKiat-Seng Yeo, Kaushik Roy |
| 260 |
_aNew York : _bMcGraw-Hill, _cc2005. |
||
| 300 |
_axxi, 293 p. : _bill. ; _c23 cm. |
||
| 650 | 0 | _aLow voltage integrated circuits. | |
| 700 | 1 | _aRoy, Kaushik. | |
| 856 | 4 | 2 |
_3Contributor biographical information _uhttp://www.loc.gov/catdir/bios/mh051/2004057935.html |
| 856 | 4 | 2 |
_3Table of contents _uhttp://www.loc.gov/catdir/toc/mh051/2004057935.html |
| 856 | 4 | 2 |
_3Publisher description _uhttp://www.loc.gov/catdir/enhancements/fy0704/2004057935-d.html |
| 942 |
_cBK _k621.395 YEO _2ddc |
||
| 999 |
_c8433 _d8433 |
||